Quizzes
Events
Quiz Creation
Community
Videos
Private Events
Remove Ads
Sign In
Join for FREE
Feedback
Dark Mode
Quiz Categories
Sports
Geography
Music
Movies
Television
Just For Fun
Miscellaneous
History
Literature
Language
Science
Gaming
Entertainment
Religion
Holiday
For Kids
Quiz Lab
Recent
Popular Today
Quiz Kudos Today
Editor Picks
Curator Picks
Quizzes by...
Day
Popularity
Type
Ratings
Length
Year
Community
Subscriptions
Recent Discussions
Orange Saloon
Badges
Playlists
Quests
Create
Leaderboards
Showdown
Live 5
Trivia Bingo
Activity
Puzzle Library
Sporcle Events
Private Events
Virtual Trivia
Globe League
Become a Host
Pub Owners
SporcleCon
Opinionation
Our Games
Videos
Blog
Mobile Apps
Partnerships
Remove Ads and Go Orange
Feedback
Language
Vocabulary
Begins and Ends
Definition
Spanish
French
German
Italian
Chinese
Latin
Translation
Japanese
Language
Vocabulary
Begins and Ends
Definition
Spanish
French
German
Italian
Chinese
Latin
Translation
Japanese
Random Quiz
Search Sporcle
×
Quiz Lab
Quiz Lab
Language
Spanish
Type in answers that appear in a list
Type in answers that appear in a list
Classic
Best Score? Go Orange.
Special Ser and Estar Cases Stats
Can you name the Special Ser and Estar Cases?
By
RockMySkittles
6m
53 Questions
15 Plays
15 Plays
15 Plays
Comments
Comments
Give Quiz Kudos
Give Quiz Kudos
-
- Ratings
hide this ad
Forced Order
Answers have to be entered in order
Answers have to be entered in order
Random Order
Randomize order of answers
Randomize order of answers
Replay
Link that replays current quiz
Next Quiz
Link to next quiz in quiz playlist
You Got
0%
They Got
Avg Score
77%
Avg Friend Score
Upgrade to see
Score Distribution
Jump to the score distribution portion of the page
Score
0/53
Timer
06:00
0
Plays Today
word
Proper form of To Be
% Correct
de pie
estar
86.7%
imposible de + inf
ser
86.7%
asomado (a la ventana)
estar
80%
contento
estar
80%
de buen humor
estar
80%
de moda
estar
80%
de vacaciones
estar
80%
descalzo
estar
80%
escondido
estar
80%
presente
estar
80%
satisfecho
estar
80%
aficionado a
ser
80%
capaz de
ser
80%
difícil de + inf
ser
80%
fácil de + inf
ser
80%
idéntico
ser
80%
parecido a
ser
80%
posible de + inf
ser
80%
(def. art) + último en
ser
80%
ansioso por (de)
estar
80%
cansado de
estar
80%
cubierto de
estar
80%
decidido a
estar
80%
descontento con
estar
80%
encargado de
estar
80%
libre de
estar
80%
listo para
estar
80%
word
Proper form of To Be
% Correct
vestido de
estar
80%
arrodillado
estar
73.3%
ausente
estar
73.3%
colgado
estar
73.3%
de acuerdo
estar
73.3%
de mal humor
estar
73.3%
de guardia
estar
73.3%
pasado de moda
estar
73.3%
parado
estar
73.3%
sentido
estar
73.3%
amigo de
ser
73.3%
incapaz de
ser
73.3%
enemigo de
ser
73.3%
(def. art.) + primero en
ser
73.3%
responsable de
ser
73.3%
acostumbrado a
estar
73.3%
contento de
estar
73.3%
disgustado con
estar
73.3%
dispuesto a
estar
73.3%
enamorado de
estar
73.3%
enemistado con
estar
73.3%
loco por
estar
73.3%
loco de
estar
73.3%
lleno de
estar
73.3%
peleado con
estar
73.3%
rodeado de
estar
73.3%
Quiz Playlist
Details
Report
Send in Message
Add To Playlist
Classic:
Type in answers that appear in a list
Forced Order:
Answers have to be entered in order
Random Order:
Randomize order of answers
Last Updated: Feb 16, 2017
Quiz Scoreboard
CHALLENGE
Sign Up to Join the Scoreboard
Show All
Scores
Hide
Comments
May contain spoilers
Recently Published
College Basketball Coaching Resumes
by pancakes188
Sports
9m
Billboard Blitz: Fleetwood Mac
by CooCooCachoo
Music
15s
Presidents Visiting Landmarks
by Hejman
History
7m
More to Explore
Quiz From the Vault
Featured Blog Post
Where Did the Easter Bunny Come From?
hide this ad
You Might Also Like...
Tags
Spanish Quiz
estar
Ser
special
Today's Top Quizzes in Language
Browse Language
hide this ad
Today's Top Quizzes in Spanish
Browse Spanish
Top Contributed Quizzes in Language
1
1-10 Letter F Words III
2
1-10 Letter G Words III
3
Alphabetize! : 'As' words
4
1-10 Letter H Words III
5
Order Up: Top 10 Most Native Spoken Languages
6
Celtic Nations in their Language
7
One Thing in Common: Italy
8
1-10 Letter I Words III
9
1-10 Letter J Words III
10
Weisst du, aus welchen Sprachen diese Wörter stammen?
Explore More
Trending Topics
Kpop
Anime
Harry Potter
Disney
NBA
Crossword
Marvel
Song
Country
Soccer
NFL
Pokémon
WWE
The Office
Puzzle
hide this ad
More By:
RockMySkittles
Quiz
Plays
Rating
Category
Featured
Created
Subjunctive v. Indicative Verbs (Spanish)
165
1.00
Language
Apr 10, 2011
Relative Pronouns (Spanish)
145
1.00
Language
Apr 11, 2011
International Phonetic Language (US Ed.)
99
Language
Sep 22, 2010
Special Ser and Estar Cases
15
Language
Feb 24, 2011
Go to Creator's Profile
Score Distribution
Quiz Creator Spotlight
RockMySkittles
Follow
Send a Message
Quizzes Created
-
Created Quiz Play Count
-
More By This Creator
Popular Quizzes Today
1
Find the US States - No Outlines Minefield
2
Find the Countries of Europe - No Outlines Minefield
3
The Countries of the World
4
Find the US States
5
Risky Map Clicking: Biggest States A-Z
6
US States
7
Popular People in 1961
8
Movies - When Are They Set?
More Language Quizzes
From the Most Popular Language Quizzes
Published
Trending Quizzes
Risky Map Clicking: Least Populous States A-Z
1-10 Letter G Words
1-10 Letter F Words
Risky Map Clicking: Next State Alphabetically
Risky Map Clicking: Biggest States A-Z
Recently Updated
Leaping Animals
pecheneg
Reality TV Shows (A-Z)
bhenderson79
Rickey Henderson's Hall of Fame Teammates
pecheneg
Champions League XIs: Arsenal
pecheneg
Quick Pick: Celebrities in WWE's Hall of Fame
aduchscher
A-Z Keypad Blitz II
pecheneg
Multiple Oscar Actors
pecheneg
Mystery Phrase Blitz: Oscar 'Best Actors'
pecheneg
F. Scott Fitzgerald Novels
LTH
Pick 3 Villains
ddd62291
Trending Topics
Marvel
Harry Potter
Anime
NBA
Crossword
Kpop
Disney
Pokémon
Puzzle
Soccer
NFL
WWE
Song
Country
The Office
Your Account Isn't Verified!
In order to create a playlist on Sporcle, you need to verify the email address you used during registration. Go to your
Sporcle Settings
to finish the process.
Report this User
Report this user for behavior that violates our
Community Guidelines
.
Details:
Send Report
Go to the Sporcle.com Mobile Site →
Comments